Statistics for EEZ by shape

Click here to take the quiz!

General Stats

  • This quiz has been taken 14 times
  • The average score is 14 of 16

Answer Stats

Answer% Correct
Greece
100%
Italy
100%
Brazil
93%
Chile
93%
China
93%
Denmark
93%
Japan
93%
Mexico
93%
New Zealand
93%
Russia
93%
Spain
86%
United Kingdom
86%
United States
86%
France
64%
Germany
64%
Venezuela
50%

Score Distribution

Percentile by Number Answered

Percent of People with Each Score

Your Score History

You have not taken this quiz